| 000 | 00705nam a2200217 i 4500 | ||
|---|---|---|---|
| 001 | 121354 | ||
| 003 | ES-MaACL | ||
| 005 | 20250822063201.0 | ||
| 007 | t| | ||
| 008 | 070214s1977 sp |||| | spa d | ||
| 080 | _a929Plá, José | ||
| 080 | _a946"1931/39"(093.32) | ||
| 100 | 1 |
_aPla, Josep, _d1897-1981 _9164614 |
|
| 245 | 1 | 0 |
_aDe la Monarquía a la República / _cJosep Pla ; traducción de José María Mundet. |
| 260 |
_aBarcelona : _bAcervo, _c[1977] |
||
| 300 |
_a139 p. ; _c18 cm. |
||
| 651 | 4 |
_aEspaña- _xHistoria- _y1931-1939, II República- _vRelatos personales. _98290 |
|
| 700 | 1 |
_aMundet Gifre, Josep Maria. _9150931 |
|
| 852 |
_aES-MaACL _jA-8589 |
||
| 999 |
_c121354 _d121354 |
||